000 00448nam a2200157Ia 4500
999 _c22392
_d22392
003 OSt
005 20200320121131.0
008 190216s9999||||xx |||||||||||||| ||und||
040 _coclc
082 _a297
_bISM/K
100 _aIsmayil, Shahina
_92125
245 0 _aKudumba Guide /
_cShahina Ismayil
260 _bPoomkavanam Books Publishers,
_c1991.
_aCalicut:
300 _a54p
942 _cBK
_2ddc
_h297
_iISM/K
_k297
_mISM/K